| 000 | 00983nam a2200301 i 4500 | ||
|---|---|---|---|
| 001 | 7286 | ||
| 003 | ES-MaACL | ||
| 005 | 20231220062904.0 | ||
| 007 | t| | ||
| 008 | 901115s1989 sp |||| | spa d | ||
| 020 | _a84-323-0681-9 | ||
| 080 | _a323.32(46)"1890/1923" | ||
| 080 | _a323.37(46)"1890/1923" | ||
| 100 | 1 |
_aVillacorta Baños, Francisco _9114913 |
|
| 245 | 1 | 0 |
_aProfesionales y burócratas _b: Estado y poder corporativo en la España del siglo XX, 1890-1923 / _cFrancisco Villacorta Baños. |
| 250 | _a1ª ed. | ||
| 260 |
_aMadrid : _bSiglo XXI de España, _c1989. |
||
| 300 |
_aX, 537 p. ; _c23 cm. |
||
| 490 | 1 | _aHistoria | |
| 500 | _aÍndices. | ||
| 504 | _aBibliografía: p. 512-522. | ||
| 650 | 1 | 4 |
_aProfesiones liberales- _zEspaña. _9164739 |
| 650 | 4 |
_aFuncionarios- _zEspaña- _yS.XX. _9164809 |
|
| 650 | 1 | 4 |
_aColegios profesionales- _zEspaña. _9164740 |
| 830 | 0 |
_aHistoria _9177536 |
|
| 852 |
_aES-MaACL _jL-14492 |
||
| 999 |
_c7286 _d7286 |
||